[Event "Challenge"]
[Site "http://www.queenalice.com/game.php?id=44715"]
[Date "2005.12.22"]
[Round "-"]
[White "Cleo_Godoy"]
[Black "harbor_basket"]
[Result "1-0"]
[WhiteElo "1611"]
[BlackElo "1284"]

1. e4 h5 2. d4 Nf6 3. Be2 b6 4. e5 Nd5 5. Bxh5 g6 6. Bf3 e6 7. c4 Bb4+ 8. Bd2
Rh4 9. cxd5 Rxd4 10. dxe6 dxe6 11. Bxa8 Ba6 12. Bf3 g5 13. Ne2 Bc5 14. Nxd4 Bxd4
15. Qa4+ b5 16. Bc6+ Nd7 17. Qxd4 Qe7 18. Qxa7 Kd8 19. Qxa6 Nxe5 20. Qa8# 1-0

[Event "E aí, vai encarar?"]
[Site "http://www.queenalice.com/game.php?id=56510"]
[Date "2006.3.9"]
[Round "-"]
[White "Cleo_Godoy"]
[Black "harbor_basket"]
[Result "1-0"]
[WhiteElo "1762"]
[BlackElo "1279"]

1. e4 e5 2. Nf3 h5 3. Nxe5 Bc5 4. Qf3 f6 5. Bc4 d5 6. Bxd5 Ne7 7. Nf7 Qd7 8.
Nxh8 g5 9. Qxh5+ Kd8 10. Nf7+ Ke8 11. Ne5+ Kf8 12. Qf7# 1-0

[Event "Tenha um bom jogo"]
[Site "http://www.queenalice.com/game.php?id=56511"]
[Date "2006.3.9"]
[Round "-"]
[White "harbor_basket"]
[Black "romanopff"]
[Result "0-1"]
[WhiteElo "1297"]
[BlackElo "1115"]

1. e4 e5 2. f3 d5 3. d3 c6 4. f4 Bd6 5. g3 g6 6. Nc3 f5 7. Nf3 Nf6 8. a4 d4 9.
fxe5 dxc3 10. Bg5 O-O 11. bxc3 Bc5 12. exf6 Rxf6 13. d4 Qf8 14. Bc4+ Be6 15. d5
cxd5 16. exd5 Bd7 17. Rb1 Qe8+ 18. Be2 Rf7 19. d6 Bxa4 20. Qd5 Bxc2 21. Rxb7 Nd7
22. Nd4 Be4 23. Qc4 Bxh1 24. Ne6 Bxb7 25. Nc7 Qe4 26. Qb5 Rb8 27. Be7 Rxe7 28.
dxe7 Qxe7 29. Kd1 Bf3 30. Bxf3 Rxb5 31. Nxb5 a6 32. Bd5+ Kg7 33. Nc7 Nf8 34.
Nxa6 Bf2 35. Kc2 Qe2+ 36. Kb3 Qxa6 37. Bc4 Qb6+ 38. Kc2 Qc6 0-1

[Event "E aí, vai encarar?"]
[Site "http://www.queenalice.com/game.php?id=56512"]
[Date "2006.3.9"]
[Round "-"]
[White "harbor_basket"]
[Black "Cleo_Godoy"]
[Result "0-1"]
[WhiteElo "1279"]
[BlackElo "1764"]

1. e4 e5 2. Nf3 Nc6 3. d3 Nf6 4. d4 Nxe4 5. dxe5 Nxe5 6. Nxe5 Qf6 7. Qd5 Qxf2+
8. Kd1 Qf5 9. Bd3 Nf2+ 10. Kd2 Qf4+ 11. Kc3 Qb4# 0-1

[Event "Challenge"]
[Site "http://www.queenalice.com/game.php?id=57519"]
[Date "2006.3.15"]
[Round "-"]
[White "harbor_basket"]
[Black "CaHeZa"]
[Result "0-1"]
[WhiteElo "1274"]
[BlackElo "1064"]

1. e4 d5 2. e5 Nc6 3. d4 f6 4. c3 Be6 5. g4 Qd7 6. g5 O-O-O 7. Qb3 Na5 8. Bb5 c6
9. Qa4 Nc4 10. b3 Nb6 11. Qxa7 cxb5 12. Qxb6 h6 13. h4 hxg5 14. Na3 Qe8 15. Nxb5
Rd7 16. Na7+ Kb8 17. Nc6+ Kc8 18. a4 bxc6 19. Qxc6+ Kd8 20. Qxe6 Qg6 21. Qc6
Qe4+ 22. Kd2 Qxh1 23. e6 Rd6 24. Qa8+ Kc7 25. Qxf8 Qxg1 26. a5 Qxf2+ 27. Kd3
Rxh4 28. Qxg8 Rh3+ 29. Be3 Rxe3# 0-1

[Event "Desafio dos tempos"]
[Site "http://www.queenalice.com/game.php?id=61201"]
[Date "2006.4.4"]
[Round "-"]
[White "davidaniel"]
[Black "harbor_basket"]
[Result "1-0"]
[WhiteElo "1283"]
[BlackElo "1283"]

1. e4 e5 2. Bc4 Bc5 3. Qf3 Qf6 4. Qf5 Qxf5 5. exf5 Nh6 6. Bd3 Ng4 7. Nh3 b6 8.
f3 Bb7 9. a3 a6 10. b4 Be7 11. fxg4 Bxg2 12. Nf2 Bh4 13. Rg1 Bf3 14. Bb2 e4 15.
Bc4 a5 16. b5 c6 17. a4 d5 18. Bb3 d4 19. Bxd4 Ke7 20. Nc3 Rd8 21. Bxg7 Rg8 22.
f6+ Bxf6 23. Bxf6+ Kxf6 24. g5+ Rxg5 25. Ncxe4+ Ke7 26. Nxg5 Nd7 27. Nxh7 c5 28.
Rg3 Ne5 29. Nh3 Bg4 30. N3g5 f6 31. Ne4 f5 32. Neg5 c4 33. Ba2 Rc8 34. Re3 Kd6
35. c3 f4 36. Re4 Nd3+ 37. Kf1 Bh3+ 38. Nxh3 f3 39. N3g5 Rc5 40. Re6+ Kd7 41.
Nf8+ Kd8 42. Nf7+ Kc7 43. Re7+ Kc8 44. Nd6+ Kd8 45. Rd7# 1-0

[Event "Perdendo uma partida em 8 jogada"]
[Site "http://www.queenalice.com/game.php?id=61449"]
[Date "2006.4.5"]
[Round "-"]
[White "elderdecampos"]
[Black "harbor_basket"]
[Result "0-1"]
[WhiteElo "1121"]
[BlackElo "1274"]

1. e4 e5 2. f3 f6 3. b3 b6 4. Nc3 d5 5. Nxd5 Bc5 6. Nh3 f5 7. Ng5 h6 8. Nh3 f4
9. Bc4 Qh4+ 10. Ke2 Bxh3 11. Nxc7+ Kf8 12. Nxa8 Nf6 13. Rg1 Ke7 14. g3 fxg3 15.
hxg3 Qg5 16. d4 Qg6 17. dxc5 Rd8 18. Qe1 Ng4 19. cxb6 axb6 20. Qb4+ Qd6 21. fxg4
Nc6 22. Qa4 Nd4+ 0-1

[Event "Challenge"]
[Site "http://www.queenalice.com/game.php?id=61585"]
[Date "2006.4.6"]
[Round "-"]
[White "harbor_basket"]
[Black "davidaniel"]
[Result "1-0"]
[WhiteElo "1280"]
[BlackElo "1313"]

1. e4 e5 2. c3 Qf6 3. d4 a6 4. Nf3 exd4 5. Nxd4 b5 6. g3 Bb7 7. f3 d5 8. Bf4 Kd8
9. h4 h5 10. Bg5 c5 11. Bxf6+ gxf6 12. Nf5 d4 13. cxd4 c4 14. b3 Bb4+ 15. Kf2
Nd7 16. a3 Ba5 17. Nd6 Ne7 18. Nxb7+ Ke8 19. Nxa5 f5 20. g4 f4 21. bxc4 Rb8 22.
Nc3 Nb6 23. d5 Nxc4 24. Nxc4 bxc4 25. Bxc4 Rb2+ 26. Ne2 hxg4 27. Qa4+ Kd8 28. d6
Nc8 29. Be6 fxe6 30. Qd4 g3+ 31. Ke1 g2 32. Rg1 Rxh4 33. Qf6+ Kd7 34. Qxb2 Nxd6
35. Rd1 Ke7 36. Qd4 Kf7 37. Qxd6 Rh3 38. Rxg2 1-0

[Event "Challenge"]
[Site "http://www.queenalice.com/game.php?id=61830"]
[Date "2006.4.7"]
[Round "-"]
[White "paulogil"]
[Black "harbor_basket"]
[Result "0-1"]
[WhiteElo "964"]
[BlackElo "1288"]

1. e4 d5 2. f3 f5 3. Bd3 e5 4. exf5 Qd6 5. Nh3 Qc5 6. a3 Ne7 7. g4 h5 8. g5 Bxf5
9. Nf2 Ng6 10. Bxf5 Qd4 11. Bxg6+ Ke7 12. c3 Qh4 13. d4 Nc6 0-1

[Event "Challenge"]
[Site "http://www.queenalice.com/game.php?id=64103"]
[Date "2006.4.18"]
[Round "-"]
[White "harbor_basket"]
[Black "davidaniel"]
[Result "0-1"]
[WhiteElo "1299"]
[BlackElo "1375"]

1. d4 d5 2. e3 c6 3. c4 g6 4. c5 h5 5. f4 Bg4 6. Nf3 e6 7. h3 Bf5 8. g4 hxg4 9.
Ng5 f6 10. Nxe6 Bxe6 11. Rh2 gxh3 12. Qf3 Na6 13. Rxh3 Bxh3 14. Bxh3 f5 15. Bd2
Qh4+ 16. Kd1 Nf6 17. Nc3 Nb4 18. Qg2 Nd7 19. Qxg6+ Kd8 20. Qxf5 Qxh3 21. e4 Qf3+
22. Kc1 Rh1+ 23. Be1 Rxe1+ 24. Kd2 Qe2+ 25. Nxe2 Rxa1 26. a3 Na2 27. e5 b6 28.
e6 Rb1 29. Qxb1 bxc5 30. Qf5 Kc7 31. exd7 c4 32. Kc2 Rd8 33. Ng3 a5 34. Kb1 c3
35. Kxa2 cxb2 36. Kxb2 Rb8+ 37. Kc2 Bxa3 38. Qf7 Rb2+ 39. Kc3 Rg2 40. Nh5 Bb4+
41. Kb3 Re2 42. Qf8 Bxf8 43. Nf6 Re3+ 44. Kc2 a4 45. f5 Rf3 46. Kd2 Rxf5 47.
Ne8+ Kxd7 0-1

[Event "Dá-le Inter!"]
[Site "http://www.queenalice.com/game.php?id=64543"]
[Date "2006.4.20"]
[Round "-"]
[White "CaHeZa"]
[Black "harbor_basket"]
[Result "1-0"]
[WhiteElo "1276"]
[BlackElo "1331"]

1. e4 d5 2. e5 d4 3. f4 c5 4. Bc4 Bf5 5. Qh5 g6 6. Qf3 Nh6 7. Qxb7 Bxc2 8. Qxa8
Bg7 9. Bb5+ Nd7 10. Bxd7+ Kxd7 11. Qxa7+ Ke8 12. Na3 f6 13. Nxc2 Kf7 14. Qxc5 d3
15. Nd4 Qd7 16. Qc4+ e6 17. Ngf3 Qb7 18. Qxe6+ Kf8 19. b3 Ng4 20. Ba3+ Qe7 21.
Qxe7+ Kg8 22. Qe6# 1-0

[Event "Ta na mao1"]
[Site "http://www.queenalice.com/game.php?id=64546"]
[Date "2006.4.20"]
[Round "-"]
[White "Cleo_Godoy"]
[Black "harbor_basket"]
[Result "0-1"]
[WhiteElo "1637"]
[BlackElo "1321"]

1. e4 d5 2. exd5 Qxd5 3. Nc3 Bg4 4. Qxg4 Qe6+ 5. Be2 Nf6 6. Qa4+ c6 7. Nf3 a6 8.
d4 b5 9. Qa5 Ra7 10. Bf4 Rb7 11. Bxb8 Rxb8 12. Qxa6 g6 13. O-O-O Bh6+ 14. Kb1
O-O 15. Rhe1 Ra8 16. Qb6 Nd7 17. Qc7 Ra6 18. Bxb5 Qd6 19. Qxd6 exd6 20. Bxa6 Rb8
21. Re7 Nb6 22. Ne4 Kf8 23. Rc7 Na4 24. b3 f5 25. Nxd6 Nc3+ 26. Ka1 Nxd1 27. Bc4
Bf4 28. Rxh7 Bxd6 29. Ng5 Re8 30. Bf7 Re1 0-1

[Event "Ta na mao2"]
[Site "http://www.queenalice.com/game.php?id=64548"]
[Date "2006.4.20"]
[Round "-"]
[White "harbor_basket"]
[Black "Cleo_Godoy"]
[Result "1-0"]
[WhiteElo "1291"]
[BlackElo "1667"]

1. Nc3 e5 2. e4 Nc6 3. Nf3 d6 4. Bc4 Be6 5. b3 Nf6 6. d3 Be7 7. O-O Bg4 8. Nd5
Nd4 9. Qd2 Bxf3 10. c3 Bxg2 11. Kxg2 Nc6 12. Qe3 Qd7 13. Qg3 O-O-O 14. d4 exd4
15. cxd4 Nxe4 16. Qf4 f5 17. Ne3 Nxd4 18. Ba3 Bg5 19. Qxe4 fxe4 20. Nd5 Qg4+ 21.
Kh1 Nf3 22. Rae1 Nxe1 23. Rxe1 Qf3+ 24. Kg1 Rhf8 25. Rf1 e3 26. Nxe3 Bxe3 27.
Bc1 Bxc1 28. Be6+ Kb8 29. a4 1-0

[Event "Challenge"]
[Site "http://www.queenalice.com/game.php?id=76360"]
[Date "2006.6.14"]
[Round "-"]
[White "harbor_basket"]
[Black "davidaniel"]
[Result "0-1"]
[WhiteElo "1313"]
[BlackElo "1363"]

1. e4 d5 2. Nf3 d4 3. Ne5 f6 4. Ng4 h5 5. Nxf6+ exf6 6. Qxh5+ Rxh5 7. Bc4 Nh6 8.
O-O Ng4 9. d3 Bd6 10. Nd2 Bxh2+ 11. Kh1 c6 12. Nf3 Bg3+ 13. Nh2 Bxh2 14. Bd2
Bf4+ 15. Kg1 Bxd2 16. Rad1 Bb4 17. a3 Ba5 18. f3 Ne3 19. g4 Rh3 20. f4 Bxg4 21.
Rd2 Bxd2 0-1

[Event "Buuuuuu1"]
[Site "http://www.queenalice.com/game.php?id=85173"]
[Date "2006.7.12"]
[Round "-"]
[White "CleoGodoy"]
[Black "harbor_basket"]
[Result "0-1"]
[WhiteElo "1697"]
[BlackElo "1286"]

1. e4 e5 2. Nf3 Nf6 3. Nc3 d5 4. Nxe5 dxe4 5. d3 Nc6 6. Nxc6 bxc6 7. Bg5 h6 8.
Bf4 Bg4 9. f3 exf3 10. gxf3 Bh5 11. Qe2+ Be7 12. O-O-O Rb8 13. h4 Qd4 14. Bxc7
Rb7 15. Be5 Qb4 16. Ne4 Nd5 17. Bxg7 Rg8 18. Bxh6 Qxb2+ 19. Kd2 Bb4+ 20. Nc3+
Re7 21. Qh2 Bxc3# 0-1

[Event "Buuuuuu2"]
[Site "http://www.queenalice.com/game.php?id=85174"]
[Date "2006.7.12"]
[Round "-"]
[White "harbor_basket"]
[Black "CleoGodoy"]
[Result "0-1"]
[WhiteElo "1262"]
[BlackElo "1784"]

1. e4 e5 2. Nf3 Nc6 3. d4 f6 4. d5 Na5 5. c3 Bc5 6. b4 Bxf2+ 7. Kxf2 c6 8. Be3
cxd5 9. bxa5 dxe4 10. Ng5 fxg5 11. Ke1 Qxa5 12. Bc4 Nf6 13. Rf1 h6 14. Qb3 d5
15. Bb5+ Bd7 16. a4 O-O-O 17. Rxf6 gxf6 18. Qxd5 Bxb5 19. Qe6+ Rd7 20. Bc5 Bd3
21. Bb4 Qa6 22. Qf5 e3 23. Qf3 e2 24. Nd2 Rhd8 25. Qf2 Bb5 26. Qc5+ Bc6 27. a5
Rxd2 28. Qe7 Rd1+ 29. Rxd1 exd1=Q+ 30. Kf2 Qdf1+ 31. Ke3 Qad3# 0-1

[Event "Challenge"]
[Site "http://www.queenalice.com/game.php?id=89446"]
[Date "2006.7.25"]
[Round "-"]
[White "CaHeZa"]
[Black "harbor_basket"]
[Result "1-0"]
[WhiteElo "1382"]
[BlackElo "1297"]

1. e4 d5 2. e5 d4 3. Nf3 b6 4. b3 c5 5. Bb5+ Bd7 6. Bxd7+ Qxd7 7. O-O Na6 8. a3
f6 9. exf6 Nxf6 10. Ne5 Qf5 11. Re1 e6 12. g4 Nxg4 13. Qxg4 Bd6 14. Qxg7 Rf8 15.
Nd7 Qf4 16. Rxe6+ Kd8 17. Nxf8 Qxh2+ 18. Kf1 Qh1+ 19. Ke2 Qxc1 20. Qd7# 1-0

[Event "Challenge"]
[Site "http://www.queenalice.com/game.php?id=89447"]
[Date "2006.7.25"]
[Round "-"]
[White "harbor_basket"]
[Black "CaHeZa"]
[Result "0-1"]
[WhiteElo "1284"]
[BlackElo "1395"]

1. e4 e5 2. d4 exd4 3. Qxd4 Nc6 4. Qc3 Bb4 5. Qxb4 Nxb4 6. c3 Nc6 7. Nd2 d6 8.
Ngf3 Be6 9. b4 Qf6 10. Bb2 O-O-O 11. Bb5 Nxb4 12. Rc1 Nxa2 13. Ra1 a6 14. e5
dxe5 15. Ba4 Ne7 16. Ne4 Qf4 17. g3 Qxe4+ 18. Kf1 Bc4+ 19. Kg2 Bd5 20. Rhe1
Qxf3+ 21. Kf1 Bc4+ 22. Re2 Qh1# 0-1

[Event "Challenge Brancas"]
[Site "http://www.queenalice.com/game.php?id=109234"]
[Date "2006.9.23"]
[Round "-"]
[White "PlinioRegis"]
[Black "harbor_basket"]
[Result "1-0"]
[WhiteElo "1427"]
[BlackElo "1272"]

1. e4 e5 2. Bc4 Nf6 3. d3 d6 4. Qf3 Nc6 5. Bg5 Nd4 6. Qh5 g6 7. Qh4 Ng4 8. Bxd8
Nxc2+ 9. Kd1 Nxa1 10. Bxc7 f6 11. Nf3 d5 12. Bxd5 Bc5 13. Nxe5 Nxf2+ 14. Ke1
Nxh1 15. Qxf6 Rf8 16. Qd8# 1-0